Modern-Day Countries of the Sokoto Caliphate on a Map - Statistics

General Stats
  • This quiz has been taken 3,429 times
  • The average score is 7 of 7
Answers on the Map
Answers color-coded by a green-red scale on the quiz's map according to % correct below.
 
Answer Stats
Countries % Correct
Niger
99%
Nigeria
99%
Mali
98%
Cameroon
97%
Benin
95%
Burkina Faso
94%
Chad
93%
No matching quizzes found
Score Distribution
Percent of People with Each Score
Percentile by Number Answered
Your Score History
You have not taken this quiz